Tranh luận để đồng thuận

שמור ב:
מידע ביבליוגרפי
פורמט: ספר
שפה:Undetermined
יצא לאור: 2006
תגים: הוספת תג
אין תגיות, היה/י הראשונ/ה לתייג את הרשומה!
Thư viện lưu trữ: Trung tâm Học liệu Trường Đại học Cần Thơ
LEADER 00337nam a2200121Ia 4500
001 CTU_104884
008 210402s9999 xx 000 0 und d
020 |c 45000 
082 |a 324.2597075 
082 |b Tr107 
245 0 |a Tranh luận để đồng thuận 
260 |c 2006 
980 |a Trung tâm Học liệu Trường Đại học Cần Thơ